| 000 | 00541nam a2200181Ia 4500 | ||
|---|---|---|---|
| 008 | 151018s9999 xx 000 0 und d | ||
| 082 |
_bRBASDV25923 _a891.461 |
||
| 100 | _aप्रकाश धुळे | ||
| 245 | _aमी तुझा | ||
| 250 | _b4 | ||
| 260 |
_bअश्वमेध प्रकाशन पुणे _c1994 |
||
| 300 | _a95 | ||
| 600 | _aप्रकाश धुळे | ||
| 630 | _aमी तुझा | ||
| 700 | _aप्रकाश धुळे | ||
| 730 | _aमी तुझा | ||
| 942 | _cBOOK | ||
| 999 |
_c1025533 _d1025530 |
||